01361nab a22001817a 4500003000400000005001700004008004100021040000700062100002300069245008400092260007200176300001200248505066700260505008900927650001801016650002601034773011901060OSt20260121181302.0190502c xxu||||| |||| 00| 0 spa d cPJ aSandhagen, Alberto13aEl delito de falsedad ideológica de documento público /cAlberto Sandhagen. aCiudad Autónoma de Buenos Aires :bThomson Reuters La Ley,c2024. ap. 3-35 aSumario: I. Objeto del trabajo.— II. Bien jurídico protegido.— III. Noción de falsedad ideológica.— IV. Las acciones establecidas en el tipo penal.— V. El elemento normativo del tipo penal.— VI. La premisa relativa a un hecho que el documento deba probar.— VII. El perjuicio que debe provocar la conducta de la figura penal.— VIII. Sujetos del delito de falsedad ideológica.— IX. Consumación y tentativa.— X. Tipo subjetivo.— XI. El instituto de la simulación.— XII. Causas de justificación.— XIII. Concursos de delitos.— XIV. Circunstancia agravante del art. 293.— XV. La pena establecida en el delito.— XVI. Final.  t¿Te interesa el texto completo? Solicitalo al correo: koha@justierradelfuego.gov.ar 0aDERECHO PENAL 0aFALSEDAD IDEOLÓGICA0 02729dBuenos Aires : LexisNexis, 2006-tRevista de derecho penal y procesal penal. Nº 3 - Marzo 2024z9875920622